000 00641cam a22002293a 4500
001 21213
003 PGUSA
005 20140828083442.0
008 070424s2007||||xxu|||||s|||||000 | eng d
040 _aPGUSA
_beng
042 _adc
050 4 _aLB
100 1 _aBetts, George Herbert,
_d1868-1934
245 1 0 _aNew Ideals in Rural Schools
_h[electronic resource] /
_cGeorge Herbert Betts
260 _bProject Gutenberg,
_c2007
506 _aPublic domain in the USA.
516 _aElectronic text
653 _aPublic schools
830 0 _aProject Gutenberg
_v21213
856 4 0 _uhttp://www.gutenberg.org/ebooks/21213
942 _cEB
999 _c250468
_d250468